000 00307nam a22001337a 4500
008 170508b xxu||||| |||| 00| 0 eng d
020 _a9780763729042
041 _aeng
080 _22ND
_a343.9
100 _a15
101 _aSHJ
245 _aCRIMINAL JUSTICE ILLUMINATED
_cPOLLOCK, J.M
942 _2udc
_cBK
999 _c12922
_d12922